Sports Quiz

Random Sports or NFL Quiz

NFL without Football Quiz Stats

Quiz Updated Oct 5, 2013

Challenge
Share
Tweet
Embed
Score 0/28 Timer 02:00
0 Plays Today
Hint Team % Correct
CHRGERSCHARGERS
89.1%
SEHWKSSEAHAWKS
89.1%
PCKERSPACKERS
89.1%
DPHINSDOLPHINS
89%
RVENSRAVENS
89%
JGURSJAGUARS
88.5%
UCCNEERSBUCCANEERS
86.8%
CRDINSCARDINALS
86.2%
CHIESCHIEFS
85.8%
RIDERSRAIDERS
85.1%
JESJETS
85%
RMSRAMS
84.3%
CWYSCOWBOYS
84%
PNHERSPANTHERS
83.5%
Hint Team % Correct
SEEERSSTEELERS
81.8%
EXNSTEXANS
76%
EGESEAGLES
70.9%
RWNSBROWNS
67.4%
RNCSBRONCOS
59.4%
GINSGIANTS
56.3%
SINSSAINTS
52.6%
ENGSBENGALS
43.5%
CSCOLTS
39.8%
PRISPATRIOTS
33.1%
INSTITANS/LIONS
28.9%
ERSBEARS
25.6%
ISBILLS
20.7%
CNSFALCONS
17%

You're not logged in!

Compare scores with friends on all Sporcle quizzes.
Join for Free
OR
Log In

You Might Also Like...

Show Comments

Extras

Top Quizzes Today


Score Distribution

Your Account Isn't Verified!

In order to create a playlist on Sporcle, you need to verify the email address you used during registration. Go to your Sporcle Settings to finish the process.

Report this User

Report this user for behavior that violates our Community Guidelines.

Details: